Commercial leases : 50 traps for the unwary! (Record no. 100134)
[ view plain ]
| 000 -LEADER | |
|---|---|
| fixed length control field | 00792cam a2200217 4500 |
| 008 - FIXED-LENGTH DATA ELEMENTS--GENERAL INFORMATION | |
| fixed length control field | 000000n1999 000 0 eng u |
| 020 ## - INTERNATIONAL STANDARD BOOK NUMBER | |
| International Standard Book Number | 1858112184 |
| 035 ## - SYSTEM CONTROL NUMBER | |
| System control number | (Sirsi) u103493 |
| 050 ## - LIBRARY OF CONGRESS CALL NUMBER | |
| Classification number | 346.4104343 |
| 100 ## - MAIN ENTRY--PERSONAL NAME | |
| Personal name | Martin, John |
| 245 ## - TITLE STATEMENT | |
| Title | Commercial leases : 50 traps for the unwary! |
| 260 ## - PUBLICATION, DISTRIBUTION, ETC. | |
| Place of publication, distribution, etc. | Herts |
| Name of publisher, distributor, etc. | CLT Publishing |
| Date of publication, distribution, etc. | 1999 |
| 300 ## - PHYSICAL DESCRIPTION | |
| Extent | viii, 115p. ; 24cm. |
| 350 ## - PRICE (NR) (BK AM CF MU VM SE) [OBSOLETE] | |
| Price | 40.00 |
| 520 ## - SUMMARY, ETC. | |
| Summary, etc. | Laid out in a tried and tested format designed to maximise the usefulness to the practioner when faced with a particular 'trap'. Especially of interest to anyone involved in the construction or management of property. |
| 650 ## - SUBJECT ADDED ENTRY--TOPICAL TERM | |
| Topical term or geographic name entry element | COMMERCIAL LEASES |
| 650 ## - SUBJECT ADDED ENTRY--TOPICAL TERM | |
| Topical term or geographic name entry element | LANDLORD AND TENANT |
| 9 (RLIN) | 6252 |
| 650 ## - SUBJECT ADDED ENTRY--TOPICAL TERM | |
| Topical term or geographic name entry element | TENANTS' RIGHTS |
| 690 ## - LOCAL SUBJECT ADDED ENTRY--TOPICAL TERM (OCLC, RLIN) | |
| Topical term or geographic name as entry element | LANDLORD AND TENANT-LEASES |
| 942 ## - ADDED ENTRY ELEMENTS (KOHA) | |
| Suppress in OPAC | 0 |
| Withdrawn status | Lost status | Source of classification or shelving scheme | Damaged status | Not for loan | Home library | Current library | Shelving location | Date acquired | Total Checkouts | Full call number | Barcode | Date last seen | Date last checked out | Copy number | Price effective from | Koha item type |
|---|---|---|---|---|---|---|---|---|---|---|---|---|---|---|---|---|
| Dewey Decimal Classification | London | London | Books | 14/05/2003 | 27 | 346.4104343 MAR | 30065142 | 06/08/2019 | 17/04/2009 | 2 | 06/08/2019 | Book |